000 00713nam a2200205Ii 4500
003 JO-AjNU
008 230605s9999||||xx |||||||||||||| ||und||
040 _aJO-AjNU
_bara
_erda
_cJO-AjNU
041 _aara
050 1 4 _aLB1169.E8212 2005
100 3 _aعيسى،إيفال,
_eauthor
_923256
245 0 0 _aتوجيه التعليم والتعلم في الطفولة المبكرة
250 _aط1
264 3 1 _aغزة:دار الكتاب الجامعي،2005
300 _a240ص
336 _atext
_btxt
_2rdacontent
337 _aunmediated
_bn
_2rdamedia
338 _avolume
_bnc
_2rdacarrier
650 4 _aرياض الأطفال. الأطفال-رعاية صحية. الأطفال-تعليم
_923257
999 _aA8384
_c11952
_d11952